000 01036 a2200205 4500
999 _c24023
_d24023
003 NUST
005 20170622131002.0
008 170622b xxu||||| |||| 00| 0 eng d
020 _a 8129704668
040 _aDLC
_bDLC
_cRCMS
050 _a004.21 HEU
082 _a004.21 HEU
_22nd ed.
100 _aHeuring, Vincent P.
_93098
245 _aComputer systems design and architecture
_cVincent P, Heuring.
250 _a2nd ed.
260 _aUpper Saddle River, NJ :
_bPearson/Prentice Hall,
_c 2004.
300 _axvi , 592 p :
_bill.
_c2004.
500 _aIncludes Index
650 _a1.System design. 2.Computer architecture.
_93099
942 _cBK
_k004.21 HEU
_2ddc
_h004.21 HEU